| 000 | | | 03914nac2a22002653x 450 |
| 001 | | | f36fcf78-2a91-4d01-a594-a1c18a903838 |
| 005 | | | 20230109201834.0 |
| 100 | ## | $a | 20221117l19261926k y0rusy50 ca |
| 101 | 0# | $a | rus |
| | $a | mul |
| 102 | ## | $a | RU |
| 105 | ## | $a | y z ||||| |
| 122 | 2# | $a | d19260509 |
| | $a | d19260517 |
| 200 | 1# | $a | Об изменении постановления о праве владения, пользования и распоряжения жел. дор. подвижным составом |
| | $j | 09.05.1926 - 17.05.1926 |
| 215 | ## | $a | 13 листов |
| 251 | ## | $c | Дело |
| 300 | ## | $a | Часть текста на языках народов СССР |
| 300 | ## | $a | На папке дела: 9 апреля 1926 г. - 17 мая 1926 г. |
| 300 | ## | $a | В деле обратная нумерация |
| 300 | ## | $a | Часть текста машинописная и рукописная, часть - напечатана типографским способом |
| 461 | #0 | $1 | 001796d4672-8a00-4986-b488-6e42273792cc |
| | $1 | 2001 |
| | $a | ЦЕНТРАЛЬНЫЙ ИСПОЛНИТЕЛЬНЫЙ КОМИТЕТ СССР (ЦИК СССР). |
| | $1 | 251 |
| | $c | Фонд |
| | $1 | 852 |
| | $g | Р |
| | $j | 3316 |
| 462 | #0 | $1 | 001e365b2fb-f374-4764-a068-dc9012f0aaee |
| | $1 | 2001 |
| | $a | Дела Секретариата Президиума ЦИК Союза ССР за 1926 г. |
| | $v | Д. 562 |
| | $1 | 251 |
| | $c | Опись |
| | $1 | 852 |
| | $j | 19 |
| 601 | 01 | $3 | RU\NLR\AUTH\880357276 |
| | $a | СССР |
| | $b | ЦИК |
| 801 | #0 | $a | RU |
| | $b | GA_RF |
| 801 | #1 | $a | RU |
| | $b | ГлавНИВЦ |
| | $c | 20221117 |
| | $2 | rusmarc |
| 801 | #2 | $a | RU |
| | $b | ПБ им. Б.Н. Ельцина |
| | $c | 20230109 |
| | $g | RCR |
| | $2 | rusmarc |
| 852 | ## | $a | ГА РФ |
| | $j | 562 |
| 937 | ## | $d | 181902630 |
| | $h | ГАРФ |
| 035 | ## | $a | RuPRLIB51070593 |
| 856 | ## | $u | http://readingroom.main.prlib.ru/item.aspx?id_node=n181902630&mode=full |